000
00503nam a22001097a 4500
008
110627t xxu||||| |||| 00| 0 eng d
010
_a
HCAACF133
245
_a
High Court Probate and Administration Cause No. 21 OF 1970 In The Estate of Chandrakant Purshotton Dattani, deceased
260
_c
1970
999
_c
4001
_d
4001